000 00271nam a2200121Ia 4500
005 20251222114406.0
008 251222s1900||||xx |||||||||||||| ||spa||
082 _aDVD0096/S57/2015/T.1
245 0 _aNeurociencias
250 _a2a.ed.
264 _bSigniko,
942 _cDVD
999 _c1840
_d1840